Tintin - Personnages du Lotus bleu - Mort subite - Statistiques

Statistiques générales
  • Ce quiz a été pris 317 fois
  • Le résultat moyen est 4 sur 8
Answers on the Grid
Answers color-coded by a green-red scale on the quiz's grid according to % correct below.
Le capitaine Archibald Haddock
Dupond et Dupont
Le professeur Tryphon Tournesol
Bianca Castafiore
Roberto Rastapopoulos
Le général Alcazar
Nestor
Séraphin Lampion
Le Maharadjah de Rawhajpoutalah
Allan Thompson
Abdallah
W.R. Gibbons
Wang Jen-Ghié
Le senhor Oliveira da Figueira
J. M. Dawson
Le docteur J. W. Muller
Tchang Tchong Jen
Le professeur Philémon Siclone
Bunji Kuraki
Mitsuhirato
 
Statistiques - réponses
Réponse % Correct
Dupond et Dupont
77%
Tchang Tchong Jen
68%
Mitsuhirato
64%
Le Maharadjah de Rawhajpoutalah
56%
Wang Jen-Ghié
55%
Roberto Rastapopoulos
45%
J. M. Dawson
33%
W.R. Gibbons
33%
Aucun quiz correspondant
Distribution des résultats
% des personnes avec chaque résultat
Percentile par nombre de réponses
Votre historique - résultats
Vous n’avez pas pris ce quiz